The fall of Hong Kong

Bewaard in:
Bibliografische gegevens
Hoofdauteur: Carew, Tim
Formaat: Boek
Taal:Undetermined
Gepubliceerd in: London A Blond 1960
Onderwerpen:
Tags: Voeg label toe
Geen labels, Wees de eerste die dit record labelt!
Thư viện lưu trữ: Trung tâm Học liệu Trường Đại học Cần Thơ
LEADER 00491nam a2200205Ia 4500
001 CTU_91229
008 210402s9999 xx 000 0 und d
082 |a 951.25 
082 |b C272 
100 |a Carew, Tim 
245 4 |a The fall of Hong Kong 
245 0 |c Tim Carew 
260 |a London 
260 |b A Blond 
260 |c 1960 
650 |a History 
650 |y 1941 
650 |z Hong Kong (China) 
904 |i Nguyên 
980 |a Trung tâm Học liệu Trường Đại học Cần Thơ